000 00289nam a2200121Ia 4500
008 190216s9999||||xx |||||||||||||| ||und||
100 _aSubramaniyam N&Amp; Rajam Jb
245 0 _aModern Physics
260 _bS Chand & Co
_c1984
300 _a619p
650 _aModem Physics
942 _cBK
999 _c32987
_d32987